Comisión Nacional de Valores (Record no. 4224)

MARC details
000 -CABECERA
campo de control de longitud fija 00841nam a2200265 a 4500
001 - NÚMERO DE CONTROL
campo de control BRCA_4518
005 - FECHA Y HORA DE LA ÚLTIMA TRANSACCIÓN
campo de control 20190320204712.0
008 - DATOS DE LONGITUD FIJA--INFORMACIÓN GENERAL
campo de control de longitud fija 210910d1955----mx-#######---#000-0#spa-#
041 ## - CÓDIGO DE LENGUA
Código de lengua del texto/banda sonora o título independiente spa
044 ## - CÓDIGO DEL PAÍS DE LA ENTIDAD EDITORA/PRODUCTORA
Código MARC del país mx
050 #4 - SIGNATURA TOPOGRÁFICA DE LA BIBLIOTECA DEL CONGRESO
Número de clasificación HG5161
Número de documento/Ítem .B64 3 1955
245 10 - MENCIÓN DE TÍTULO
Título Comisión Nacional de Valores
Resto del título febrero de 1955.
260 ## - PUBLICACIÓN, DISTRIBUCIÓN, ETC.
Lugar de publicación, distribución, etc. México
Nombre del editor, distribuidor, etc. Cultura
Fecha de publicación, distribución, etc. 1955
300 ## - DESCRIPCIÓN FÍSICA
Extensión p. 47-82
Dimensiones 24 cm.
500 ## - NOTA GENERAL
Nota general Boletín de la Comisión Nacional de Valores
500 ## - NOTA GENERAL
Nota general Vol. 2, No. 2 febrero, 1955
500 ## - NOTA GENERAL
Nota general Boletín inventariado por Banco de México como libro
500 ## - NOTA GENERAL
Nota general Ver también AM50, CFG34, S103, S105 y S124
500 ## - NOTA GENERAL
Nota general CFG36
610 24 - PUNTO DE ACCESO ADICIONAL DE MATERIA--NOMBRE DE ENTIDAD CORPORATIVA
Nombre de entidad corporativa o nombre de jurisdicción como elemento de entrada Comisión Nacional de Valores
Subdivisión geográfica México
9 (RLIN) 11441
650 14 - PUNTO DE ACCESO ADICIONAL DE MATERIA--TÉRMINO DE MATERIA
Término de materia o nombre geográfico como elemento de entrada Bolsa de valores
Subdivisión geográfica México
9 (RLIN) 11442
650 14 - PUNTO DE ACCESO ADICIONAL DE MATERIA--TÉRMINO DE MATERIA
Término de materia o nombre geográfico como elemento de entrada Bancos y operaciones bancarias
Subdivisión geográfica México
9 (RLIN) 8161
902 ## - CATALOGADOR
Iniciales GFM
942 ## - ELEMENTOS DE PUNTO DE ACCESO ADICIONAL (KOHA)
Fuente del sistema de clasificación o colocación Library of Congress Classification
Tipo de ítem Koha Libros
Holdings
Estado de retiro Estado de pérdida Estado dañado No para préstamo Localización permanente Ubicación/localización actual Fecha de adquisición Número de inventario Total de préstamos Signatura topográfica completa Código de barras Fecha visto por última vez Precio válido a partir de Tipo de ítem Koha
El ejemplar forma parte de la colección y puede ser consultado según las políticas vigentes.       Biblioteca del Museo Franz Mayer (Rogerio Casas-Alatriste) Biblioteca del Museo Franz Mayer (Rogerio Casas-Alatriste) 21/09/2010 CFG36   HG5161 .B64 3 1955 (CFG36) 4516 22/03/2019 22/03/2019 Libros